000 00800nam a22002297a 4500
999 _c15830
_d15830
003 MIRAKIL
005 20240328122419.0
008 240328b tu ||||| |||| 00| 0 tur d
020 _a9751615054
040 _aTR-AnCHP
_cTR-AnCHP
041 _atur
082 _a415.2
_bS38e 2019
100 _aSev, Gülsel
245 1 0 _aEtmek fiiliyle yapılan birleşik fiiller ve tamamlayıcılarla kullanılışı /
_cGülsel Sev.
260 _aAnkara :
_bTürk Dil Kurumu,
_c2019.
300 _axviii, 474 s. ;
_c24 cm.
490 0 _aAtatürk Kültür Dil ve Tarih Yüksek Kurumu Türk Dil Kurumu yayınları ;
_v794.
504 _aKaynakça: 459-474. ss
650 0 _97716
_aTürk dili
856 _zDijital Nüshası için Partimizin Kütüphane Sorumlusu ile iletişime geçiniz.
942 _2ddc
_cBKS